| 000 | 00909cam a22002891 4500 | ||
|---|---|---|---|
| 001 | 10352445 | ||
| 003 | OSt | ||
| 005 | 20240626155051.0 | ||
| 008 | 730312s1966 ii a 000 0 eng | ||
| 010 | _asa 67003072 | ||
| 015 | _aGB67-9365 | ||
| 025 | _aPL480:I-E-7471 | ||
| 035 | _a(OCoLC)576277 | ||
| 040 |
_aMMU _cMMU _dMMU _beng |
||
| 042 | _apremarc | ||
| 050 | 0 | 0 |
_aZ689 _b.R3 2006 |
| 100 | 1 |
_aRanganathan, S. R. _q(Shiyali Ramamrita), _d1892-1972. _9588 |
|
| 245 | 1 | 0 |
_aLibrary book selection/ _c[by] S.R. Ranganathan, assisted by M.A. Gopinath. |
| 250 | _a[2d ed.] | ||
| 260 |
_aBombay, _aNew York, _bAsia Pub. House _c[1966] |
||
| 300 |
_a436 p. : _billus. _c23 cm. |
||
| 440 | 0 |
_aRanganathan series in library science, _v16 _9589 |
|
| 650 | 0 |
_aBook selection. _9590 |
|
| 700 | 1 |
_aGopinath, Malur Aji, _d1940- _9591 |
|
| 906 |
_a7 _bcbc _coclcrpl _du _encip _f19 _gy-gencatlg |
||
| 942 |
_2lcc _cLOAN LOAN |
||
| 999 |
_c17252 _d17252 |
||